Normal view
MARC view
Entry Topical Term
001 - CONTROL NUMBER
- control field: 43447
003 - CONTROL NUMBER IDENTIFIER
- control field: ARRUPE
005 - DATE AND TIME OF LATEST TRANSACTION
- control field: 20181114121210.0
008 - FIXED-LENGTH DATA ELEMENTS
- fixed length control field: 181114|| aca||aabn | a|a d
040 ## - CATALOGING SOURCE
- Original cataloging agency: ARRUPE
- Transcribing agency: ARRUPE
150 ## - HEADING--TOPICAL TERM
- Topical term or geographic name as entry element: Political prisoners
- Geographic subdivision: Congo (Democratic Republic)
- Form subdivision: Biography.
670 ## - SOURCE DATA FOUND
- Source citation: Work cat.: (ARRUPE)0: Nguza Karl i Bond, 1938- 43445, Mobutu, ou, L'incarnation du mal zaïrois /, 1982.